| 000 | 00783nam a2200169 a 4500 | ||
|---|---|---|---|
| 008 | 120416s1998 ||||||||||||||||| || u | ||
| 020 | _a0790611635 | ||
| 050 | _aTK 7881.4 Aud | ||
| 100 | _aBrawlly, S. James | ||
| 245 | 1 | 0 | _aAudio systems technology : level II handbook for installers and engineers |
| 260 |
_aIndianapolis, IN : _bPrompt Publication _c1998 |
||
| 350 | _a0.00 | ||
| 650 | _aSound - Recording and reproducing - Equipment and supplies - Maintenance and repair - Handbooks, manuals, etc | ||
| 650 | _aELECTRIC APPARATUS AND APPLIANCES--INSTALLATION--HANDBOOKS, MANUALS, ETC | ||
| 710 | _aNational Systems Contractors Association | ||
| 995 |
_D0.00 _FCBU-MAIN LIBRARY (Kitwe) _H1 _I34.95 _M1 _UREFERENCE _ZReference Collection |
||
| 999 |
_c35284 _d35284 |
||